000 00724 a2200193 4500
001 53393
005 20260407155809.0
008 260407a1962 arg spa d
003 AR-UNSa-BCEJYS
040 _aAR-UNSa-BCEJYS
_bspa
_cAR-UNSa-BCEJYS
080 _a330.341.44
_xConcentración. Centralización (Industrialización)
245 1 0 _aLa revolución industrial en el siglo XVIII
_pensayo sobre los comienzos de la gran industria moderna en Inglaterra
264 1 _aMadrid :
_bAguilar
_c1962
300 _a526 p.
_c21 cm.
505 _a1. Los antecedentes - 2. Grandes inventos y grandes empresas - 3. Las consecuencias inmediatas
942 _cBK
590 _aniveau_biblio:m niveau_hierar:0
100 1 _aMantoux, Paul
999 _c5238
_d5238